000 00621nam a2200181Ia 4500
008 090124s9999 xx 000 0 und d
082 _b125570
100 _aभावे पु. भा. (पुरुषोत्तम भास्कर)
245 _a कथामंथन
250 _a1
260 _c1992
300 _a214
600 _aभावे पु. भा. (पुरुषोत्तम भास्कर)
630 _a कथामंथन
700 _aभावे पु. भा. (पुरुषोत्तम भास्कर)
730 _a कथामंथन
942 _cBOOK
999 _c171660
_d171660